| 000 | 00542cam a2200229ua 4500 | ||
|---|---|---|---|
| 020 | _c6.50 | ||
| 041 |
_aeng _h |
||
| 082 |
_a500 _bMAD/PO |
||
| 100 | _aMadhu, . | ||
| 245 |
_aPolytechnic general science parrt-2 / _cMadhu. _hTextual Documents |
||
| 260 |
_aTrichur : _bT D Warrier , _c1965. |
||
| 300 | _a443 ; . | ||
| 365 | _a6.50 | ||
| 504 | _a | ||
| 700 | 1 | _aMoidheen, . | |
| 942 | _cBK | ||
| 999 |
_c10698 _d10698 |
||